Score 0/16 Timer 02:00
0 Plays Today
Artist 1 Shared Word % Correct
Simply ____Red
98.4%
The Stone ____Roses
98%
The Beach ____Boys
97.7%
____ LipsBlack
94.6%
The Grateful ____Dead
89.2%
____ Temple PilotsStone
84.7%
____ Bloody ValentineMy
83.7%
____ LionWhite
81.6%
Artist 1 Shared Word % Correct
____ CompanyBad
75.3%
____ RichardLittle
69.8%
Ben Folds ____Five
66.4%
____ of FourGang
59.1%
Johnny ____Cash
58.9%
Buffalo ____Springfield
55.3%
____ CrimsonKing
46.5%
Talk ____Talk
40.8%

Today's Daily Dose

Remove Ads.
Support Sporcle.
Get the best of Sporcle when you Go Orange. This ad-free experience offers more features, more stats, and more fun while also helping to support Sporcle. Thank you for becoming a member.

You're not logged in!

Compare scores with friends on all Sporcle quizzes.
OR
Log In

Show Comments

Extras

Top Quizzes Today


Score Distribution

Your Account Isn't Verified!

In order to create a playlist on Sporcle, you need to verify the email address you used during registration. Go to your Sporcle Settings to finish the process.

Report this User

Report this user for behavior that violates our Community Guidelines.

Details: